00481nam a2200181 a 4500001001300000003000900013005001700022008004100039020001000080082001500090245003500105260004800140300000900188500003500197505001000232650002300242710003400265nice12345678IN_TiNIC20260116011428.0050524s1895 laha grp 000 0 urd  ac10000a270.1bPRB aMasihi Mazhab Ke Itedai Halaat aLahorebPunjab Religious Booksociety c1895 a135p aincludes index and biblioraphy2 aIndex aChristianity-Spain2 aPunjab Religious Book Society